000 00478nam a2200229Ia 4500
003 IT-RoPAU
005 20220918175721.0
008 120407s9999 xx 000 0 und d
040 _aIT-RoPAU
040 _cIT-RoPAU
041 _aita
100 _aMaria Rivaldi
_935498
245 _aSanta Francesca Romana
250 _aRoma
260 _aColetti
260 _c1964
300 _a163 p.
300 _c18,5 cm
490 _v1
942 _cBK
_2ddc
999 _c26670
_d26670